Clandestinidad y competencia ilícita / Consejo Económico Sindical Provincial de Barcelona, Sección de Política Económica Industrial
Publicado:
Barcelona :
Ediciones del Consejo Económico Sindical Provincial, Vicesecretaría de Ordenación Económica ,
1957
Descripción Física:
30 p. ; 21 cm
MARC
| LEADER | 00000nam a2200000Ia 4500 | ||
|---|---|---|---|
| 001 | 15416 | ||
| 008 | 160829s1957 xx 000 0 cat d | ||
| 080 | |a FU-37-19 | ||
| 245 | |a Clandestinidad y competencia ilícita / Consejo Económico Sindical Provincial de Barcelona, Sección de Política Económica Industrial | ||
| 260 | |a Barcelona : |b Ediciones del Consejo Económico Sindical Provincial, Vicesecretaría de Ordenación Económica, |c 1957 | ||
| 300 | |a 30 p. ; |c 21 cm | ||
| 650 | |a Frau |x Espanya |9 27304 | ||
| 650 | |a Competència econòmica deslleial |9 27305 | ||
| 700 | |a Consejo Económico Sindical Provincial de Barcelona. Sección de Política Económica Industrial |9 27306 | ||
| 856 | 4 | |u https://media.diba.cat/diba/fitxers/arxiu/fulletons/bib_15416_baixa.pdf |y Accés lliure | |
| 856 | 4 | |u https://media.diba.cat/diba/fitxers/arxiu/fulletons/bib_15416_baixa.pdf |y Accés lliure | |
| 901 | |a Arxiu | ||
| 942 | |n 1 |2 udc | ||
| 952 | |0 0 |1 0 |4 0 |6 FU3719 |7 1 |9 44344 |a Arxiu |b Arxiu |d 2016-12-01 |l 0 |o FU-37-19 |p 15416 |r 2016-12-01 00:00:00 |w 2016-12-01 |y ARXIU | ||
| 999 | |c 46925 |d 46925 | ||
| 900 | |a bib_15416_baixa.pdf | ||